=LDR 00000nam 2200000 4500 =001 INLIS000000000038780 =005 20140828112117.0 =006 =007 =008 Ind =035 ##$$0010-061300000038780 =041 ##$$a Ind =082 ##$$a 813 =090 ##$$a 813, Shi t =100 ##$$a Shienny, M.S =245 ##$$a Ther Melian - Discord/Shienny MS =260 ##$$a 2011 $b Jakarta =300 ##$$a xxx,521 hlm, ilus., 20 cm =650 ##$$a Fiksi =850 ##$$a NBPNMAT =990 ##$$a 94211/BPAP-NTB/2014 =990 ##$$a 0001/BPAP-NTB/20142014 =990 ##$$a 0001/BPAP-NTB/20142014 =990 ##$$a 0001/BPAP-NTB/20142014 =990 ##$$a 21602154/BPAP-NTB/2017